Países com Menor Densidade Populacional - Statistics

Estatísticas Gerais
  • Esse quiz foi jogado 3 293 vezes
  • A pontuação média é 14 de 24
Estatísticas das Respostas
Densidade País % Correto
8.54 Rússia
93%
3.83 Canadá
91%
3.38 Austrália
87%
2.15 Mongólia
78%
7.02 Cazaquistão
73%
14.2 Noruega
67%
16.5 Argentina
66%
16.4 Finlândia
66%
3.99 Líbia
63%
16.8 República do Congo
63%
16.6 Arábia Saudita
62%
13.4 Chade
60%
3.35 Islândia
58%
17.1 Mali
53%
4.70 Mauritânia
49%
3.16 Namíbia
48%
12.6 Turquemenistão
44%
10.9 Bolívia
43%
4.17 Botswana
38%
17.2 Omã
38%
7.96 República Centro-Africana
38%
3.63 Suriname
31%
3.69 Guiana
30%
8.62 Gabão
22%
Nenhum quiz correspondente encontrado
Distribuição das Pontuações
Porcentagem de Pessoas com Cada Pontuação
Percentil de Números Respondidos
Sua Pontuação Histórica
Você não jogou esse quiz